[Event "San Francisco Benson Memorial"]
[Site "San Francisco"]
[Date "2016.08.16"]
[Round "3"]
[White "Sanguinetti, George A"]
[Black "Hack, Richard"]
[Result "1-0"]
[WhiteElo "1900"]
[BlackElo "1611"]
[PlyCount "89"]
[EventDate "2016.08.02"]
[EventType "swiss"]
[EventRounds "9"]
[EventCountry "USA"]
[SourceTitle "EXT 2018"]
[Source "ChessBase"]
[SourceDate "2017.10.13"]
[SourceVersion "1"]
[SourceVersionDate "2017.10.13"]
[SourceQuality "1"]

1. e4 e5 2. f4 exf4 3. Bc4 d6 4. Nf3 Nc6 5. d4 Bg4 6. Bxf4 Be7 7. 0-0 Nf6 8. Nc3 0-0 9. Bb3 Nd7 10. Qd3 Bf6 11. Ne2 Qe7 12. c3 Bh5 13. Rae1 Bg6 14. Ng3 Nd8 15. Nf5 Qe8 16. g4 Ne6 17. Bg3 Qd8 18. h4 h6 19. Bc2 Re8 20. Rd1 Be7 21. e5 dxe5 22. h5 Bxf5 23. Qxf5 Nef8 24. Bb3 Ne6 25. dxe5 Bc5+ 26. Kg2 Qe7 27. Bh4 f6 28. Bxe6+ Qxe6 29. Qxe6+ Rxe6 30. Rxd7 fxe5 31. Bf2 Bd6 32. Nh4 Rf8 33. Nf5 Ref6 34. Bh4 g5 35. hxg6 Rxg6 36. Kh3 e4 37. Bg3 Bxg3 38. Nxg3 Rxf1 39. Nxf1 Rf6 40. Ng3 Rf2 41. Nxe4 Rxb2 42. Rxc7 Rxa2 43. Rxb7 Ra4 44. Nd6 Ra6 45. Nb5 1-0

[Event "San Francisco TNM Summer op"]
[Site "San Francisco"]
[Date "2010.07.06"]
[Round "7"]
[White "Sanguinetti, George A"]
[Black "Cole, Tony"]
[Result "1-0"]
[WhiteElo "1959"]
[BlackElo "1287"]
[PlyCount "71"]
[EventDate "2010.05.25"]
[EventType "swiss"]
[EventRounds "8"]
[EventCountry "USA"]
[SourceTitle "EXT 2012"]
[Source "ChessBase"]
[SourceDate "2011.11.24"]
[SourceVersion "1"]
[SourceVersionDate "2011.11.24"]
[SourceQuality "1"]

1. g3 Nf6 2. f4 d5 3. Nh3 Nc6 4. Nf2 e5 5. Bg2 Bc5 6. 0-0 exf4 7. gxf4 Bf5 8. e3 Qd7 9. c3 0-0-0 10. b4 Bd6 11. a4 h5 12. b5 Na5 13. Ba3 b6 14. Bxd6 Qxd6 15. Na3 Ng4 16. Nc2 g5 17. Nd4 Qg6 18. Nxg4 Bxg4 19. f5 Qf6 20. Qc2 h4 21. e4 dxe4 22. Qxe4 Bh5 23. Rae1 g4 24. Qa8+ Kd7 25. Qxa7 h3 26. Bd5 g3 27. Nc6 gxh2+ 28. Kh1 Rde8 29. Nxa5 Rxe1 30. Bc6+ Kd6 31. Nb7+ Ke7 32. Rxe1+ Kf8 33. Qb8+ Kg7 34. Qxc7 Qg5 35. Qxh2 Qxf5 36. Qe5+ 1-0

[Event "San Francisco TNM Summer op"]
[Site "San Francisco"]
[Date "2010.06.15"]
[Round "4"]
[White "Sanguinetti, George A"]
[Black "Manvelyan, Hayk"]
[Result "0-1"]
[WhiteElo "1959"]
[BlackElo "2145"]
[PlyCount "72"]
[EventDate "2010.05.25"]
[EventType "swiss"]
[EventRounds "8"]
[EventCountry "USA"]
[SourceTitle "EXT 2012"]
[Source "ChessBase"]
[SourceDate "2011.11.24"]
[SourceVersion "1"]
[SourceVersionDate "2011.11.24"]
[SourceQuality "1"]

1. g3 d5 2. f4 Nf6 3. Nh3 e6 4. Nf2 Bd6 5. Bg2 0-0 6. 0-0 c5 7. d3 Nc6 8. c3 b6 9. e4 dxe4 10. dxe4 e5 11. Be3 Ba6 12. Re1 Qc7 13. f5 Rad8 14. Nd2 c4 15. Qe2 Nd7 16. b4 Bxb4 17. cxb4 Nxb4 18. Rec1 c3 19. Qg4 Nf6 20. Qf3 c2 21. g4 Qc3 22. Nf1 Nd3 23. Bg5 Nxc1 24. Rxc1 Qb2 25. Qb3 Qxb3 26. axb3 Rc8 27. Bxf6 gxf6 28. Ne3 Rc3 29. Nd5 Rxb3 30. Nxf6+ Kg7 31. Nh5+ Kh8 32. Rxc2 Rb1+ 33. Nd1 Rxd1+ 34. Kf2 Rfd8 35. Rc7 R8d7 36. Rc6 R7d2+ 0-1

[Event "San Francisco TNM Summer op"]
[Site "San Francisco"]
[Date "2010.05.25"]
[Round "2"]
[White "Sanguinetti, George A"]
[Black "Salvo, Tab"]
[Result "1-0"]
[WhiteElo "1959"]
[BlackElo "1759"]
[PlyCount "113"]
[EventDate "2010.05.25"]
[EventType "swiss"]
[EventRounds "8"]
[EventCountry "USA"]
[SourceTitle "EXT 2012"]
[Source "ChessBase"]
[SourceDate "2011.11.24"]
[SourceVersion "1"]
[SourceVersionDate "2011.11.24"]
[SourceQuality "1"]

1. f4 d6 2. g3 Nf6 3. Bg2 c6 4. Nh3 g6 5. Nf2 Bg7 6. 0-0 0-0 7. e4 e5 8. c3 exf4 9. gxf4 Nbd7 10. d4 Qc7 11. Be3 Kh8 12. Nd2 Ng8 13. Nf3 Ndf6 14. Qd3 Ng4 15. Bd2 Nxf2 16. Rxf2 f5 17. e5 d5 18. Re1 Re8 19. b3 Bd7 20. c4 dxc4 21. bxc4 Rad8 22. d5 cxd5 23. cxd5 a6 24. d6 Qb8 25. Ng5 Nh6 26. Qh3 Bc6 27. Bxc6 bxc6 28. Ba5 Rd7 29. Qb3 Rb7 30. Qc4 Qa7 31. Qxc6 Reb8 32. h3 Rb2 33. Ref1 Qe3 34. d7 Rxf2 35. Rxf2 Qg3+ 36. Qg2 Rb1+ 37. Rf1 Rxf1+ 38. Kxf1 Qd3+ 39. Qe2 Qxd7 40. Qxa6 Bf8 41. Qe2 Bc5 42. Bc3 Qd5 43. Qd2 Qh1+ 44. Ke2 Qg2+ 45. Kd1 Qxd2+ 46. Kxd2 Kg8 47. Kd3 Nf7 48. Nxf7 Kxf7 49. a4 Ke6 50. a5 Kd5 51. Bd2 g5 52. a6 g4 53. hxg4 fxg4 54. Be3 h5 55. Bxc5 Kxc5 56. Ke2 Kb6 57. e6 1-0

[Event "San Francisco TNM Spring op"]
[Site "San Francisco"]
[Date "2010.04.27"]
[Round "7"]
[White "Sanguinetti, George A"]
[Black "Thornally, Frank"]
[Result "0-1"]
[WhiteElo "1956"]
[BlackElo "2208"]
[PlyCount "64"]
[EventDate "2010.03.16"]
[EventType "swiss"]
[EventRounds "8"]
[EventCountry "USA"]
[SourceTitle "EXT 2012"]
[Source "ChessBase"]
[SourceDate "2011.11.24"]
[SourceVersion "1"]
[SourceVersionDate "2011.11.24"]
[SourceQuality "1"]

1. e4 e5 2. f4 Bc5 3. Nf3 d6 4. Bc4 Nc6 5. c3 Nf6 6. d4 exd4 7. cxd4 Bb6 8. Nc3 Bg4 9. e5 Bxf3 10. gxf3 Nh5 11. Ne2 Qh4+ 12. Kd2 dxe5 13. Kc2 0-0-0 14. d5 Nf6 15. Nc3 Rhe8 16. a3 exf4 17. Bd2 Ne7 18. Bb5 Rf8 19. Rc1 Nexd5 20. Nxd5 Rxd5 21. Qe2 Qg5 22. Bc4 Re8 23. Qf1 Rd7 24. Bc3 Nd5 25. Kb1 Be3 26. Rc2 Red8 27. Be2 Qf5 28. Qe1 Rd6 29. b4 Nxc3+ 30. Qxc3 Rc6 31. Bc4 Rd2 32. Rhc1 Rd4 0-1

[Event "San Francisco TNM Winter op"]
[Site "San Francisco"]
[Date "2010.01.26"]
[Round "4"]
[White "Cohee, James"]
[Black "Sanguinetti, George A"]
[Result "0-1"]
[WhiteElo "1640"]
[BlackElo "1980"]
[PlyCount "88"]
[EventDate "2010.01.05"]
[EventType "swiss"]
[EventRounds "8"]
[EventCountry "USA"]
[SourceTitle "EXT 2012"]
[Source "ChessBase"]
[SourceDate "2011.11.24"]
[SourceVersion "1"]
[SourceVersionDate "2011.11.24"]
[SourceQuality "1"]

1. d4 Nf6 2. c4 e6 3. Nc3 Bb4 4. Nf3 0-0 5. g3 c5 6. Bg2 cxd4 7. Nxd4 Nc6 8. 0-0 a6 9. Nxc6 bxc6 10. Qc2 d5 11. Rd1 Qe7 12. a3 Bc5 13. b4 Ba7 14. Bb2 Bb7 15. c5 Rad8 16. e3 e5 17. Ne2 Bc8 18. Qa4 Qc7 19. Nc1 Rfe8 20. Bf1 Bg4 21. Be2 Bxe2 22. Nxe2 Qc8 23. Kg2 h5 24. Ng1 h4 25. Nf3 h3+ 26. Kg1 Qg4 27. Ne1 Bxc5 28. Rd2 a5 29. Qc2 Ba7 30. Qd1 Qe6 31. Nf3 Ne4 32. Rc2 f6 33. Rac1 Rc8 34. Nh4 g5 35. Nf3 axb4 36. axb4 Re7 37. Nd2 Nxd2 38. Qxd2 d4 39. Re1 Qd5 40. e4 Qe6 41. Qd3 Rec7 42. Bc1 c5 43. Qc4 Qxc4 44. Rxc4 cxb4 0-1

[Event "San Francisco TNM Fall op"]
[Site "San Francisco"]
[Date "2009.12.15"]
[Round "9"]
[White "Sanguinetti, George A"]
[Black "Manvelyan, Hayk"]
[Result "0-1"]
[WhiteElo "1922"]
[BlackElo "2033"]
[PlyCount "82"]
[EventDate "2009.10.20"]
[EventType "swiss"]
[EventRounds "9"]
[EventCountry "USA"]
[SourceTitle "EXT 2012"]
[Source "ChessBase"]
[SourceDate "2011.11.24"]
[SourceVersion "1"]
[SourceVersionDate "2011.11.24"]
[SourceQuality "1"]

1. f4 d5 2. g3 Nf6 3. Nh3 c5 4. Nf2 Nc6 5. Bg2 Bf5 6. d3 e6 7. 0-0 Be7 8. c3 Qc7 9. e4 Bg6 10. Qf3 0-0-0 11. e5 Nd7 12. Nd2 f6 13. exf6 gxf6 14. a3 Bd6 15. b4 h5 16. Nb3 h4 17. g4 c4 18. dxc4 dxc4 19. Na5 Nxa5 20. bxa5 Rhe8 21. Be3 Nc5 22. Rad1 Re7 23. Bxc5 Bxc5 24. a6 Bxf2+ 25. Qxf2 bxa6 26. Qf3 Bd3 27. Rfe1 e5 28. fxe5 fxe5 29. Qf6 Qb6+ 30. Qf2 Rf8 31. Qe3 e4 32. Rd2 Kc7 33. Rf2 Qxe3 34. Rxe3 Rxf2 35. Kxf2 Rf7+ 36. Ke1 Rf4 37. h3 Kd6 38. Kd1 Ke5 39. Re1 Rf2 40. Bh1 Kf4 41. Rg1 Ra2 0-1

[Event "San Francisco TNM Fall op"]
[Site "San Francisco"]
[Date "2009.11.03"]
[Round "3"]
[White "Yamamoto, Craig"]
[Black "Sanguinetti, George A"]
[Result "0-1"]
[WhiteElo "1651"]
[BlackElo "1922"]
[PlyCount "26"]
[EventDate "2009.10.20"]
[EventType "swiss"]
[EventRounds "9"]
[EventCountry "USA"]
[SourceTitle "EXT 2012"]
[Source "ChessBase"]
[SourceDate "2011.11.24"]
[SourceVersion "1"]
[SourceVersionDate "2011.11.24"]
[SourceQuality "1"]

1. e4 Nf6 2. Nc3 d5 3. exd5 Nxd5 4. Nxd5 Qxd5 5. d4 Nc6 6. c3 e5 7. dxe5 Qxd1+ 8. Kxd1 Nxe5 9. Be2 Bg4 10. Bxg4 Nxg4 11. Ke2 Bc5 12. Nh3 0-0-0 13. Bd2 Rhe8+ 0-1

[Event "San Francisco TNM Max Wilkerson op"]
[Site "San Francisco"]
[Date "2009.09.29"]
[Round "9"]
[White "Sanguinetti, George A"]
[Black "Lee, Andy C"]
[Result "0-1"]
[WhiteElo "2003"]
[BlackElo "2278"]
[PlyCount "76"]
[EventDate "2009.08.03"]
[EventType "swiss"]
[EventRounds "9"]
[EventCountry "USA"]
[SourceTitle "EXT 2012"]
[Source "ChessBase"]
[SourceDate "2011.11.24"]
[SourceVersion "1"]
[SourceVersionDate "2011.11.24"]
[SourceQuality "1"]

1. e4 e6 2. d4 d5 3. Nc3 Bb4 4. e5 c5 5. a3 Bxc3+ 6. bxc3 Ne7 7. Qg4 Qc7 8. Qxg7 Rg8 9. Qxh7 cxd4 10. Ne2 Nbc6 11. f4 Bd7 12. Rb1 dxc3 13. Qd3 0-0-0 14. h4 d4 15. Rg1 f6 16. exf6 Nf5 17. h5 e5 18. f7 Rg4 19. g3 Nd6 20. Bh3 e4 21. Qd1 Rg7 22. f8Q Rxf8 23. Bxd7+ Rxd7 24. g4 Nc4 25. g5 d3 26. cxd3 exd3 27. Nxc3 Rxf4 28. Rg2 Qe5+ 29. Ne2 dxe2 30. Qxd7+ Kxd7 31. Bxf4 Qxf4 32. Rxe2 Qg3+ 33. Kf1 Ne3+ 34. Rxe3 Qxe3 35. Rd1+ Kc7 36. g6 Nd4 37. Re1 Qf3+ 38. Kg1 Ne2+ 0-1

[Event "San Francisco TNM Max Wilkerson op"]
[Site "San Francisco"]
[Date "2009.09.08"]
[Round "6"]
[White "Sanguinetti, George A"]
[Black "Fuentes, Romulo C"]
[Result "0-1"]
[WhiteElo "2003"]
[BlackElo "2121"]
[PlyCount "80"]
[EventDate "2009.08.03"]
[EventType "swiss"]
[EventRounds "9"]
[EventCountry "USA"]
[SourceTitle "EXT 2012"]
[Source "ChessBase"]
[SourceDate "2011.11.24"]
[SourceVersion "1"]
[SourceVersionDate "2011.11.24"]
[SourceQuality "1"]

1. e4 c5 2. Nf3 d6 3. c3 Nf6 4. Be2 Nc6 5. d4 cxd4 6. cxd4 Nxe4 7. d5 Qa5+ 8. Nc3 Nxc3 9. bxc3 Ne5 10. Nxe5 Qxc3+ 11. Bd2 Qxe5 12. Rb1 f6 13. 0-0 Qxd5 14. Bb5+ Bd7 15. Bxd7+ Kxd7 16. Qg4+ Ke8 17. Rfd1 Kf7 18. Bf4 Qe6 19. Qf3 Rb8 20. h4 Qxa2 21. Ra1 Qc4 22. Rdc1 Qd4 23. Qb3+ e6 24. Rc7+ Be7 25. Re1 Qxf4 26. Qxe6+ Kg6 27. Qxe7 Rhg8 28. Re4 Qf5 29. g4 Qd5 30. Re6 Rbf8 31. Rxd6 Qf3 32. Qd7 h6 33. Rc3 Qe4 34. f3 Qe1+ 35. Kg2 Kh7 36. Rc7 Qe2+ 37. Kg3 Qe5+ 38. Kh3 Rd8 39. Qf7 Rxd6 40. g5 Qe6+ 0-1

[Event "San Francisco TNM Max Wilkerson op"]
[Site "San Francisco"]
[Date "2009.08.18"]
[Round "3"]
[White "Margulis, Igor"]
[Black "Sanguinetti, George A"]
[Result "1-0"]
[WhiteElo "2115"]
[BlackElo "2003"]
[PlyCount "122"]
[EventDate "2009.08.03"]
[EventType "swiss"]
[EventRounds "9"]
[EventCountry "USA"]
[SourceTitle "EXT 2012"]
[Source "ChessBase"]
[SourceDate "2011.11.24"]
[SourceVersion "1"]
[SourceVersionDate "2011.11.24"]
[SourceQuality "1"]

1. e4 e5 2. Bc4 Nf6 3. Nc3 Nxe4 4. Qh5 Nd6 5. Qxe5+ Qe7 6. Qxe7+ Bxe7 7. Bb3 0-0 8. Nf3 b6 9. 0-0 Bb7 10. Nd5 Bxd5 11. Bxd5 c6 12. Bb3 c5 13. c3 Nc6 14. d3 Rfe8 15. Bf4 h6 16. Rfe1 g5 17. Rxe7 Rxe7 18. Bxd6 Re2 19. d4 Rae8 20. Ne5 Nxe5 21. dxe5 Rxb2 22. f4 g4 23. Re1 Rc8 24. Bd5 h5 25. f5 Re8 26. Re3 Kg7 27. h3 f6 28. hxg4 hxg4 29. Rg3 fxe5 30. Rxg4+ Kf6 31. Be4 Rd2 32. Rg6+ Kf7 33. c4 Rg8 34. Rxg8 Rxd6 35. Ra8 Rd1+ 36. Kh2 Kf6 37. Rxa7 Rd4 38. Bd5 Kxf5 39. Rxd7 Kf4 40. Rf7+ Ke3 41. Rb7 Kf2 42. Rf7+ Ke3 43. Rf3+ Ke2 44. Rb3 e4 45. Rxb6 e3 46. Bf3+ Kd3 47. Rb3+ Kd2 48. Rb2+ Kc3 49. Re2 Kd3 50. a4 Rxc4 51. Ra2 Rh4+ 52. Kg3 Rh7 53. a5 c4 54. a6 Ra7 55. Be2+ Kc3 56. Ra4 Kd2 57. Bxc4 Kc3 58. Kf3 Kd4 59. Z0 Kc5 60. Kxe3 Re7+ 61. Kf2 Rf7+ 1-0

[Event "San Francisco TNM Max Wilkerson op"]
[Site "San Francisco"]
[Date "2009.08.04"]
[Round "2"]
[White "Chen, Max"]
[Black "Sanguinetti, George A"]
[Result "0-1"]
[WhiteElo "1586"]
[BlackElo "2003"]
[PlyCount "129"]
[EventDate "2009.08.03"]
[EventType "swiss"]
[EventRounds "9"]
[EventCountry "USA"]
[SourceTitle "EXT 2012"]
[Source "ChessBase"]
[SourceDate "2011.11.24"]
[SourceVersion "1"]
[SourceVersionDate "2011.11.24"]
[SourceQuality "1"]

1. d4 d5 2. c4 c6 3. Nc3 e6 4. Bf4 Nf6 5. e3 Be7 6. Nf3 0-0 7. Bd3 Nbd7 8. 0-0 Re8 9. Rc1 Nh5 10. Be5 Nxe5 11. Nxe5 g6 12. Qf3 Bf6 13. Ng4 Bg7 14. h3 Qe7 15. Rfd1 Bd7 16. Qe2 Rad8 17. cxd5 exd5 18. Rb1 f5 19. Nh2 f4 20. e4 Bxd4 21. exd5 Qxe2 22. Nxe2 Bb6 23. dxc6 Bxc6 24. Nc3 Kg7 25. Bb5 Bxb5 26. Nxb5 Ng3 27. Nf3 Rxd1+ 28. Rxd1 Re2 29. Nbd4 Rxb2 30. fxg3 fxg3 31. Ra1 Kf6 32. Kh1 g5 33. a4 h5 34. Re1 g4 35. hxg4 hxg4 36. Re6+ Kg7 37. Nf5+ Kg8 38. Nh6+ Kg7 39. Nxg4 Bf2 40. Re7+ Kf8 41. Nxf2 gxf2 42. Re1 fxe1Q+ 43. Nxe1 Rb1 44. g4 Kg7 45. Kg2 Rxe1 46. Kf3 Kg6 47. Kf4 Ra1 48. Ke5 Rxa4 49. Kd6 Rc4 50. Kd7 a5 51. Kd6 Rc6+ 52. Kd5 a4 53. Kd4 a3 54. Kd5 a2 55. g5 a1Q 56. Ke4 Re6+ 57. Kd5 Qe5+ 58. Kc4 Rc6+ 59. Kd3 Rd6+ 60. Kc4 Qd5+ 61. Kc3 Rc6+ 62. Kb4 Qc4+ 63. Ka3 Kf5 64. Kb2 Qb4+ 65. Ka2 0-1

[Event "San Francisco TNM Max Wilkerson op"]
[Site "San Francisco"]
[Date "2009.08.04"]
[Round "2"]
[White "Sanguinetti, George A"]
[Black "Riese, Kayven"]
[Result "1-0"]
[WhiteElo "2003"]
[BlackElo "1843"]
[PlyCount "205"]
[EventDate "2009.08.03"]
[EventType "swiss"]
[EventRounds "9"]
[EventCountry "USA"]
[SourceTitle "EXT 2012"]
[Source "ChessBase"]
[SourceDate "2011.11.24"]
[SourceVersion "1"]
[SourceVersionDate "2011.11.24"]
[SourceQuality "1"]

1. e4 c5 2. Nf3 d6 3. c3 Nf6 4. Be2 g6 5. 0-0 Qc7 6. Re1 Bg7 7. d4 Nbd7 8. Bf1 e5 9. h3 a6 10. a4 b6 11. Na3 0-0 12. Nc2 Bb7 13. d5 h6 14. Qd3 Nh5 15. g3 Rfc8 16. c4 a5 17. Ne3 Nf8 18. Ng2 g5 19. Ne3 Ng6 20. Nf5 Bf8 21. Be2 Nf6 22. Nh2 Re8 23. Ng4 Nxg4 24. hxg4 Ne7 25. Ne3 Ng6 26. Kg2 Bc8 27. Rh1 f6 28. Bd2 Ra7 29. Rh2 Bd7 30. Rah1 Ne7 31. b3 Bg7 32. Kf1 Bc8 33. Ke1 Kf8 34. Kd1 Ng8 35. Kc2 Ke7 36. Rf1 Kd8 37. Kb2 Qe7 38. Ka2 Kc7 39. Qc2 Bd7 40. Bc3 Raa8 41. Bd3 Rf8 42. f3 Qe8 43. Rhf2 Qe7 44. Qd2 Kb7 45. Bc2 Kc7 46. Nf5 Bxf5 47. gxf5 Qd7 48. f4 Kb7 49. fxe5 fxe5 50. Bd1 Nf6 51. Qe3 Rh8 52. Rh1 Qf7 53. Rfh2 Rh7 54. Bh5 Nxh5 55. Rxh5 Rah8 56. g4 Bf6 57. R1h3 Qg7 58. Kb2 Ka6 59. Kc2 Qe7 60. Kd3 Qc7 61. Qd2 Kb7 62. Qh2 Qg7 63. Bd2 Kc7 64. Rf3 Kd7 65. Qf2 Rf8 66. Qe1 Ra8 67. Qh1 Rah8 68. Rfh3 Kc7 69. Qe1 Ra8 70. Qc1 Rah8 71. Kc2 Kb7 72. Rf3 Ka6 73. Qe1 Rf8 74. Qh1 Rfh8 75. Qf1 Rf8 76. Rh1 Rfh8 77. Rfh3 Qe7 78. b4 axb4 79. Bxb4 Qd7 80. Kb3 Kb7 81. Bd2 Ra8 82. Qa1 Bg7 83. Rb1 Bf6 84. a5 Bd8 85. Kc2 Kc8 86. Ra3 bxa5 87. Bxa5 Bxa5 88. Rxa5 Rxa5 89. Qxa5 Qa7 90. Ra1 Qxa5 91. Rxa5 h5 92. gxh5 Rxh5 93. Ra7 Rh2+ 94. Kd3 Rh3+ 95. Ke2 Rh4 96. Kf3 Rf4+ 97. Ke3 Kd8 98. Rg7 g4 99. Rg6 Ke7 100. Re6+ Kd7 101. f6 g3 102. Re7+ Kd8 103. Rg7 1-0

[Event "San Francisco TNM Summer op"]
[Site "San Francisco"]
[Date "2009.07.07"]
[Round "7"]
[White "Luke, Gary"]
[Black "Sanguinetti, George A"]
[Result "1-0"]
[WhiteElo "1800"]
[BlackElo "2002"]
[PlyCount "82"]
[EventDate "2009.05.26"]
[EventType "swiss"]
[EventRounds "8"]
[EventCountry "USA"]
[SourceTitle "EXT 2012"]
[Source "ChessBase"]
[SourceDate "2011.11.24"]
[SourceVersion "1"]
[SourceVersionDate "2011.11.24"]
[SourceQuality "1"]

1. e4 c6 2. d4 d5 3. exd5 cxd5 4. c4 Nc6 5. Nc3 Nf6 6. Nf3 g6 7. h3 Bg7 8. Be3 0-0 9. Rc1 Re8 10. Be2 b6 11. cxd5 Nb4 12. Bb5 Ba6 13. Bxa6 Nxa6 14. Qb3 Nc7 15. d6 exd6 16. 0-0 Ne6 17. Nb5 a6 18. Na3 h6 19. Rc6 b5 20. Rfc1 Kh7 21. Qb4 Ne4 22. Qe1 f5 23. R1c2 f4 24. Bc1 Nxd4 25. Nxd4 Bxd4 26. Qd1 Qf6 27. Qf3 Ng5 28. Rc7+ Kh8 29. Qb7 Nxh3+ 30. gxh3 f3 31. Rc8 Qf8 32. Rxe8 Rxe8 33. Be3 Bc5 34. Rc3 b4 35. Rxc5 dxc5 36. Nc4 Qf5 37. Kh2 a5 38. Qc6 Rc8 39. Qb6 g5 40. Qb7 Rf8 41. Qe7 Kg8 1-0

[Event "San Francisco TNM Summer op"]
[Site "San Francisco"]
[Date "2009.06.25"]
[Round "5"]
[White "Hilliard, Michael"]
[Black "Sanguinetti, George A"]
[Result "0-1"]
[WhiteElo "1400"]
[BlackElo "2002"]
[PlyCount "50"]
[EventDate "2009.05.26"]
[EventType "swiss"]
[EventRounds "8"]
[EventCountry "USA"]
[SourceTitle "EXT 2012"]
[Source "ChessBase"]
[SourceDate "2011.11.24"]
[SourceVersion "1"]
[SourceVersionDate "2011.11.24"]
[SourceQuality "1"]

1. d4 Nf6 2. c4 e6 3. Nc3 Bb4 4. Qc2 c5 5. Nf3 Nc6 6. dxc5 Bxc5 7. e4 0-0 8. Be2 a6 9. a3 b5 10. b4 Ba7 11. c5 d6 12. e5 dxe5 13. Bg5 Bb7 14. Bxf6 gxf6 15. Bd3 f5 16. Rd1 Qf6 17. Be2 Nd4 18. Qb2 Rad8 19. 0-0 Kh8 20. Ne1 Rg8 21. Rd3 e4 22. Rh3 f4 23. f3 Nxe2+ 24. Qxe2 Qxc3 25. fxe4 Qxh3 0-1

[Event "San Francisco TNM Summer op"]
[Site "San Francisco"]
[Date "2009.06.16"]
[Round "4"]
[White "Sanguinetti, George A"]
[Black "Newey, Richard H"]
[Result "0-1"]
[WhiteElo "2002"]
[BlackElo "1716"]
[PlyCount "116"]
[EventDate "2009.05.26"]
[EventType "swiss"]
[EventRounds "8"]
[EventCountry "USA"]
[SourceTitle "EXT 2012"]
[Source "ChessBase"]
[SourceDate "2011.11.24"]
[SourceVersion "1"]
[SourceVersionDate "2011.11.24"]
[SourceQuality "1"]

1. e4 d5 2. exd5 Nf6 3. d4 Nxd5 4. Nf3 Bf5 5. c4 Nb4 6. Na3 e6 7. Be2 c5 8. 0-0 N8c6 9. Be3 cxd4 10. Nxd4 Be4 11. f3 Bg6 12. Qa4 Bc5 13. Rfd1 Qb6 14. Nab5 0-0 15. a3 Nxd4 16. Nxd4 Nc6 17. b4 Nxd4 18. bxc5 Nxe2+ 19. Kf2 Qb2 20. Qb4 Qxb4 21. axb4 Nc3 22. Rdc1 Nb1 23. h4 h5 24. b5 Rfd8 25. Ke1 Rd3 26. Bf4 Rb3 27. b6 Na3 28. c6 bxc6 29. Rxa3 Rxb6 30. Be3 Rb2 31. g4 a5 32. Bd2 a4 33. c5 hxg4 34. fxg4 Bc2 35. h5 f6 36. h6 gxh6 37. Bxh6 Bb3 38. Rc3 Ra7 39. Rf3 Kf7 40. Bg5 f5 41. gxf5 exf5 42. Bc1 Rb1 43. Kf2 Kf6 44. Bf4 Rb2+ 45. Ke3 Re7+ 46. Kd3 Bd1 47. Rh3 Rd7+ 48. Kc3 Rc2+ 49. Kb4 Rd4+ 50. Ka5 Rxf4 51. Rh6+ Ke5 52. Rxc6 Rfc4 53. Kb6 Rc1 54. Re3+ Kf4 55. Rh3 R4c3 56. Rh7 Rb1+ 57. Kc7 a3 58. Kd6 a2 0-1

[Event "San Francisco TNM Summer op"]
[Site "San Francisco"]
[Date "2006.07.18"]
[Round "6"]
[White "Sanguinetti, George A"]
[Black "Salinas, Chad"]
[Result "1-0"]
[WhiteElo "1959"]
[BlackElo "1965"]
[PlyCount "53"]
[EventDate "2006.06.06"]
[EventType "swiss"]
[EventRounds "8"]
[EventCountry "USA"]
[SourceTitle "EXT 2007"]
[Source "ChessBase"]
[SourceDate "2006.11.23"]
[SourceVersion "1"]
[SourceVersionDate "2006.11.23"]
[SourceQuality "1"]

1. e4 e6 2. d4 d5 3. exd5 exd5 4. Bd3 Bd6 5. Ne2 Nf6 6. Nbc3 c6 7. Bg5 Bg4 8. f3 Bh5 9. Qd2 Nbd7 10. 0-0-0 0-0 11. Kb1 b5 12. Rdg1 b4 13. Nd1 Bg6 14. Nf2 a5 15. h4 a4 16. Bxg6 hxg6 17. h5 gxh5 18. Rxh5 Be7 19. Rh3 Ne8 20. Bxe7 Qxe7 21. Rgh1 f6 22. Nf4 b3 23. Qd3 bxa2+ 24. Kxa2 f5 25. Rh8+ Kf7 26. Qxf5+ Qf6 27. Qxd7+ 1-0

[Event "San Francisco Powell Memorial G/45"]
[Site "San Francisco"]
[Date "2006.05.06"]
[Round "4"]
[White "Sanguinetti, George A"]
[Black "Wu, Christopher"]
[Result "1-0"]
[WhiteElo "1959"]
[BlackElo "1428"]
[PlyCount "84"]
[EventDate "2006.05.06"]
[EventType "swiss (rapid)"]
[EventRounds "5"]
[EventCountry "USA"]
[SourceTitle "EXT 2007"]
[Source "ChessBase"]
[SourceDate "2006.11.23"]
[SourceVersion "1"]
[SourceVersionDate "2006.11.23"]
[SourceQuality "1"]

1. e4 d5 2. exd5 Qxd5 3. Nc3 Qa5 4. Nf3 Nf6 5. g3 Bf5 6. Bg2 c6 7. b4 Qc7 8. 0-0 e6 9. b5 Bd6 10. a4 0-0 11. Bb2 Nbd7 12. d3 Ne5 13. Nd4 Bg6 14. bxc6 Nxc6 15. Ncb5 Qd7 16. Nxc6 bxc6 17. Nxd6 Qxd6 18. Ba3 c5 19. d4 Ne4 20. dxc5 Qxd1 21. Rfxd1 Rac8 22. Rd7 Rfd8 23. Rad1 Rxd7 24. Rxd7 h6 25. Rd4 Nf6 26. Bb7 Rb8 27. c6 Nd5 28. c4 Nb6 29. a5 Nc8 30. a6 Nb6 31. Bc5 e5 32. Bxb6 exd4 33. c7 Re8 34. Bxd4 Bf5 35. Kg2 Be6 36. Bxa7 Re7 37. Bb6 Re8 38. c5 Bc8 39. c6 Kf8 40. a7 Be6 41. c8Q Rxc8 42. Bxc8 Bd5+ 1-0

[Event "San Francisco Powell Memorial G/45"]
[Site "San Francisco"]
[Date "2006.05.06"]
[Round "1"]
[White "Zhu, Kevin"]
[Black "Sanguinetti, George A"]
[Result "1-0"]
[WhiteElo "1358"]
[BlackElo "1959"]
[PlyCount "30"]
[EventDate "2006.05.06"]
[EventType "swiss (rapid)"]
[EventRounds "5"]
[EventCountry "USA"]
[SourceTitle "EXT 2007"]
[Source "ChessBase"]
[SourceDate "2006.11.23"]
[SourceVersion "1"]
[SourceVersionDate "2006.11.23"]
[SourceQuality "1"]

1. e4 c5 2. Nf3 d6 3. d4 cxd4 4. Nxd4 g6 5. Nc3 Bg7 6. Be3 Nc6 7. Bc4 h5 8. Qd2 Nf6 9. 0-0-0 Ng4 10. Bg5 f6 11. Be3 Nxe3 12. Qxe3 Bh6 13. f4 Qb6 14. Nd5 Qc5 15. Nc7+ Kd8 1-0

[Event "San Francisco TNM Winter op"]
[Site "San Francisco"]
[Date "2006.01.24"]
[Round "3"]
[White "Sanguinetti, George A"]
[Black "Woebcke, Carl"]
[Result "1-0"]
[WhiteElo "1954"]
[BlackElo "1670"]
[PlyCount "57"]
[EventDate "2006.01.10"]
[EventType "swiss"]
[EventRounds "7"]
[EventCountry "USA"]
[SourceTitle "EXT 2007"]
[Source "ChessBase"]
[SourceDate "2006.11.23"]
[SourceVersion "1"]
[SourceVersionDate "2006.11.23"]
[SourceQuality "1"]

1. e4 c5 2. Nf3 d6 3. c3 Nc6 4. Be2 Nf6 5. d4 cxd4 6. cxd4 e6 7. Nc3 Be7 8. 0-0 0-0 9. a3 a6 10. b4 b5 11. h3 Bb7 12. Re1 Rc8 13. Bb2 Qb6 14. Qd3 Rfd8 15. Rad1 Bf8 16. Rd2 g6 17. Bd1 Bg7 18. Bb3 Kf8 19. Ng5 h6 20. Nxe6+ fxe6 21. Bxe6 Ne5 22. dxe5 dxe5 23. Bd5 Rd7 24. Qf3 Rcd8 25. Red1 Ke7 26. g4 Rf8 27. Qg3 Rfd8 28. Qxe5+ Kf8 29. Qf4 1-0